Managing technical people : innovation, teamwork, and the software process
Αποθηκεύτηκε σε:
| Κύριος συγγραφέας: | |
|---|---|
| Μορφή: | Βιβλίο |
| Γλώσσα: | English |
| Δημοσίευση: |
Reading, Mass. :
Addison-Wesley,
c1997
|
| Σειρά: | SEI series in software engineering
|
| Θέματα: | |
| Ετικέτες: |
Προσθήκη ετικέτας
Δεν υπάρχουν, Καταχωρήστε ετικέτα πρώτοι!
|
MARC
| LEADER | 00000nam a2200000 i 4500 | ||
|---|---|---|---|
| 001 | 1/99847 | ||
| 008 | 000216s1997 eng d | ||
| 020 | |a 0201545977 | ||
| 035 | |l 10057045 | ||
| 040 | |a GR-MY-UA |b gre |e aacr | ||
| 041 | 0 | |a eng | |
| 082 | 0 | |a 005.1068 | |
| 100 | 1 | |a Humphrey, Watts S. |d 1927- | |
| 245 | 1 | 0 | |a Managing technical people : |b innovation, teamwork, and the software process / |c Watts S. Humphrey |
| 260 | |a Reading, Mass. : |b Addison-Wesley, |c c1997 | ||
| 300 | |a xix, 326 p.; |b ill.; |c 24 cm. | ||
| 490 | 1 | |a SEI series in software engineering | |
| 504 | |a Includes bibliographical references and index | ||
| 650 | 0 | 0 | |a Computer software |x Development |x Management. |
| 650 | 0 | 0 | |a Project management. |
| 830 | 0 | |a SEI series in software engineering | |
| 852 | |a INST |b SAMOS |e 20000216 |h 005.1068 HUM |p 005300015782 |q 005300015782 |t BK |y 0 | ||
| 901 | |a BIBL3-2000-1 | ||
| 909 | |a Σ |b 071680 | ||
| 922 | |a 3ΕΛΗ |b 199912 |c ΤΠΕΣ |d ΠΑΠΑΣΩΤΗΡΙΟΥ | ||
| 950 | |a 133-1999-07-20 | ||
| 970 | |a ΓΕΝΟΥΖΟΥ |b ΧΡΥΣΑΝΘΗ |z 2000/02/16 | ||